[Event "NAYCC U12 w"]
[Site "Windsor CAN"]
[Date "2016.08.07"]
[Round "1.114"]
[White "Yellamraju, Ambica"]
[Black "Ehsani, Yassamin"]
[Result "0-1"]
[WhiteElo "1625"]
[BlackElo "1429"]
[PlyCount "158"]
[EventDate "2016.08.07"]
[EventType "swiss"]
[EventRounds "9"]
[EventCountry "CAN"]

1. d4 Nf6 2. c4 g6 3. Nc3 Bg7 4. Nf3 O-O 5. Bg5 d6 6. e3 Nbd7 7. Be2 c5 8. Qc2
a6 9. O-O Qc7 10. h3 h6 11. Bh4 e5 12. Rfd1 Nb6 13. Qb3 Nfd7 14. Ne4 f5 15.
dxc5 Nxc5 16. Nxc5 dxc5 17. Bg3 f4 18. Bh2 Bd7 19. Qc2 Bf5 20. Qb3 Be4 21. Nd2
Bc6 22. Qd3 Qf7 23. exf4 exf4 24. Qc2 Na4 25. Rab1 Qf6 26. Ne4 Qe5 27. Nc3 Nxb2
28. Rxb2 Qxc3 29. Qxc3 Bxc3 30. Rbb1 Rae8 31. Bd3 Kg7 32. Rbc1 Bd4 33. Re1 g5
34. Kf1 b5 35. cxb5 axb5 36. f3 Be3 37. Rc2 c4 38. Be2 Rd8 39. Bg1 Bd2 40. Rd1
c3 41. Bc5 b4 42. Bxb4 Ba4 43. Bxf8+ Kxf8 44. Rdc1 Bxc1 45. Rxc1 c2 46. Ke1 Ke7
47. a3 Ke6 48. Bc4+ Ke5 49. Be2 Rd4 50. Kf2 Rd1 51. Bxd1 cxd1=Q 52. Rxd1 Bxd1
53. Ke1 Ba4 54. Kd2 Kd4 55. Ke2 Kc3 56. Ke1 Kd3 57. Kf2 Kd2 58. Kf1 Bb5+ 59.
Kf2 Ba4 60. Kf1 Ke3 61. Ke1 Bb5 62. a4 Bxa4 63. Kf1 Bb5+ 64. Kg1 h5 65. Kh2 Kf2
66. Kh1 Bc6 67. Kh2 Bxf3 68. gxf3 Kxf3 69. Kg1 Kg3 70. Kf1 Kxh3 71. Kf2 Kh2 72.
Kf3 g4+ 73. Kxf4 g3 74. Kg5 g2 75. Kxh5 g1=Q 76. Kh4 Qg8 77. Kh5 Kg3 78. Kh6
Kf4 79. Kh5 Qg5# 0-1

[Event "NAYCC U12 w"]
[Site "Windsor CAN"]
[Date "2016.08.07"]
[Round "1.115"]
[White "Yellamraju, Aparna"]
[Black "Dommalapati, Aasa"]
[Result "0-1"]
[WhiteElo "1404"]
[BlackElo "1583"]
[PlyCount "122"]
[EventDate "2016.08.07"]
[EventType "swiss"]
[EventRounds "9"]
[EventCountry "CAN"]

1. d4 Nf6 2. c4 g6 3. Nc3 Bg7 4. Nf3 O-O 5. Bg5 d6 6. e3 h6 7. Bh4 c5 8. Be2
Nc6 9. h3 a6 10. O-O Rb8 11. Qc2 Bf5 12. Bd3 Nb4 13. Qd2 Bxd3 14. Rfd1 Bxc4 15.
b3 Be6 16. Rac1 cxd4 17. Nxd4 Nc6 18. Nf3 Rc8 19. Qe2 Qa5 20. Bg3 Nh5 21. Ne4
f5 22. Ned2 Nxg3 23. fxg3 Qxa2 24. Rb1 Bf7 25. e4 fxe4 26. Qxe4 d5 27. Qd3 Qa5
28. Nh4 Kh7 29. Rf1 Qb6+ 30. Kh2 Qd4 31. Qe2 e5 32. Rbd1 Qb6 33. Qg4 Qb4 34.
Qd7 Rcd8 35. Qc7 Rc8 36. Qd7 Nb8 37. Qg4 Qxg4 38. hxg4 Nc6 39. Rc1 Be6 40. Rxf8
Rxf8 41. Rc5 e4 42. Nb1 g5 43. Nf5 Bxf5 44. gxf5 Rxf5 45. g4 Rf1 46. Nd2 Be5+
47. g3 Rf2+ 48. Kh3 Rxd2 49. Rc1 Rd3 50. Rg1 e3 51. Kg2 e2 52. Re1 Rxg3+ 53.
Kf2 Nd4 54. b4 Rf3+ 55. Kg2 Rd3 56. Kf2 Bg3+ 57. Kg2 Bxe1 58. Kg1 Nf3+ 59. Kg2
Nh4+ 60. Kh2 Bg3+ 61. Kh3 Bf4# 0-1

[Event "NAYCC U12 w"]
[Site "Windsor CAN"]
[Date "2016.08.07"]
[Round "1.116"]
[White "Cao, Claire"]
[Black "Tan, Kylie"]
[Result "1-0"]
[WhiteElo "1569"]
[BlackElo "1383"]
[PlyCount "169"]
[EventDate "2016.08.07"]
[EventType "swiss"]
[EventRounds "9"]
[EventCountry "CAN"]

1. e4 d5 2. exd5 Qxd5 3. Nc3 Qa5 4. Nf3 Bg4 5. d4 Nc6 6. Be2 h6 7. O-O O-O-O 8.
Be3 Nf6 9. h3 Bh5 10. a3 Nd5 11. Nxd5 Qxd5 12. c4 Qf5 13. g4 Bxg4 14. hxg4
Qxg4+ 15. Kh1 Qh3+ 16. Nh2 f5 17. Rg1 Qh4 18. Qc2 e6 19. d5 Bd6 20. Rg2 Ne5 21.
f4 Ng4 22. Bxg4 fxg4 23. Rxg4 Qh3 24. Qf2 g5 25. c5 gxf4 26. Bxf4 Be7 27. Rg3
Qf5 28. Rf3 Qxd5 29. Be3 Rdf8 30. Rf1 Rf5 31. Ng4 Rhf8 32. Nh2 Bh4 33. Qg2 Rxf3
34. Nxf3 Qh5 35. Kg1 Be7 36. b4 Qf7 37. Ne5 Qe8 38. Rxf8 Bxf8 39. c6 b6 40. Qg8
Qd8 41. Qxe6+ Kb8 42. Qd7 Qc8 43. Kf2 Bd6 44. Qxc8+ Kxc8 45. Nf7 Bf8 46. Bxh6
Be7 47. Bc1 Kb8 48. Ke2 Bf6 49. Ng5 Be7 50. Kd3 Bd6 51. Nf7 Be7 52. Kc4 a6 53.
Bf4 Kc8 54. Kb3 Bf6 55. Kc4 Be7 56. Ng5 Bf6 57. Ne6 Bd8 58. Kb3 b5 59. Kc2 Bf6
60. Nxc7 Bd8 61. Nxa6 Bb6 62. Kd3 Kd8 63. Be3 Bc7 64. Bg5+ Kc8 65. Nxc7 Kxc7
66. Ke4 Kxc6 67. Be3 Kc7 68. Kd5 Kb7 69. Kd6 Ka6 70. Kc5 Ka7 71. Kxb5+ Kb7 72.
Ka5 Kc7 73. Ka6 Kb8 74. b5 Ka8 75. b6 Kb8 76. Bf4+ Kc8 77. b7+ Kd7 78. b8=Q Ke6
79. Qe5+ Kf7 80. Bg5 Kg6 81. Bf4 Kf7 82. Qd6 Ke8 83. Qe6+ Kd8 84. Qf7 Kc8 85.
Qc7# 1-0

[Event "NAYCC U12 w"]
[Site "Windsor CAN"]
[Date "2016.08.07"]
[Round "1.117"]
[White "Farkas, Jezzel"]
[Black "Velea, Anne Marie"]
[Result "1/2-1/2"]
[WhiteElo "1310"]
[BlackElo "1556"]
[PlyCount "75"]
[EventDate "2016.08.07"]
[EventType "swiss"]
[EventRounds "9"]
[EventCountry "CAN"]

1. d4 d5 2. c4 e6 3. Nc3 Nf6 4. cxd5 exd5 5. Bg5 Be7 6. e3 Nbd7 7. Bd3 O-O 8.
Nf3 b6 9. O-O Bb7 10. Qc2 c5 11. Ne5 h6 12. Nxd7 Qxd7 13. Bf5 Qd8 14. Bf4 Bd6
15. Bxd6 Qxd6 16. h3 Rfe8 17. Qd2 c4 18. Rac1 a6 19. Rfe1 b5 20. a3 Bc6 21. f3
Rad8 22. Rcd1 a5 23. Na2 Qc7 24. Nc3 Qb7 25. Na2 Ra8 26. Rc1 Bd7 27. Bxd7 Qxd7
28. Qc3 Qd6 29. Re2 Qb6 30. Rce1 Qb7 31. Kf2 Re6 32. b4 a4 33. Qc2 Rae8 34. Nc3
Qb6 35. Qd2 Qb7 36. Qc2 Qb6 37. Qd2 Qb7 38. Qc2 1/2-1/2

[Event "NAYCC U12 w"]
[Site "Windsor CAN"]
[Date "2016.08.07"]
[Round "1.118"]
[White "Dasari, Srihitha"]
[Black "Guo, Hazel"]
[Result "1-0"]
[WhiteElo "1492"]
[BlackElo "1291"]
[PlyCount "83"]
[EventDate "2016.08.07"]
[EventType "swiss"]
[EventRounds "9"]
[EventCountry "CAN"]

1. e4 e6 2. d4 d5 3. e5 c5 4. c3 Nc6 5. Nf3 Qb6 6. a3 a5 7. Be2 Nh6 8. b3 Nf5
9. Bb2 Be7 10. O-O O-O 11. a4 f6 12. exf6 Bxf6 13. dxc5 Qxc5 14. Ba3 Nb4 15.
Qd2 Qc7 16. g4 Ne7 17. g5 Be5 18. Nxe5 Qxe5 19. f4 Qe4 20. Bf3 Qc2 21. cxb4
Qxb3 22. bxa5 Re8 23. Nc3 Nc6 24. Be2 d4 25. Nb5 Rd8 26. Qd1 Qe3+ 27. Kh1 e5
28. Bf3 e4 29. Bg2 Bh3 30. Re1 Bxg2+ 31. Kxg2 Qxf4 32. Qh5 g6 33. Qh3 Qxg5+ 34.
Kh1 Qf5 35. Qb3+ Kh8 36. Rf1 Qg4 37. Nd6 Rd7 38. Rf7 Rxf7 39. Nxf7+ Kg7 40. Rf1
d3 41. Qc3+ Kg8 42. Qh8# 1-0

[Event "NAYCC U12 w"]
[Site "Windsor CAN"]
[Date "2016.08.07"]
[Round "1.119"]
[White "Kao, Simona"]
[Black "Kuleshova, Julia"]
[Result "1-0"]
[WhiteElo "1289"]
[BlackElo "1487"]
[PlyCount "63"]
[EventDate "2016.08.07"]
[EventType "swiss"]
[EventRounds "9"]
[EventCountry "CAN"]

1. e4 c6 2. Nc3 d5 3. d4 dxe4 4. Nxe4 e6 5. Nf3 Nd7 6. Bf4 Ndf6 7. Nc3 Ne7 8.
Bd3 Ned5 9. Nxd5 exd5 10. O-O Be7 11. Ne5 Be6 12. Re1 O-O 13. c3 Re8 14. Qb3
Qc8 15. Qd1 Bf5 16. Qc2 Bxd3 17. Qxd3 Nh5 18. Bd2 Bd6 19. Nf3 Rxe1+ 20. Rxe1
Qd7 21. Ng5 Nf6 22. Nf3 Ne4 23. Ng5 Nf6 24. Nf3 h6 25. Ne5 Qc7 26. Qf5 Ne4 27.
Bf4 g6 28. Qh3 h5 29. f3 Nf6 30. Qh4 Kg7 31. Bg5 Nh7 32. Bf4 {time} 1-0

[Event "NAYCC U12 w"]
[Site "Windsor CAN"]
[Date "2016.08.07"]
[Round "1.120"]
[White "Miyasaka, Julia"]
[Black "Yang, Elena"]
[Result "0-1"]
[WhiteElo "1466"]
[BlackElo "1221"]
[PlyCount "162"]
[EventDate "2016.08.07"]
[EventType "swiss"]
[EventRounds "9"]
[EventCountry "CAN"]

1. e4 e5 2. Nf3 Nc6 3. Bc4 Bc5 4. d3 d6 5. c3 h6 6. Nbd2 Nf6 7. O-O O-O 8. h3
Be6 9. Bb3 Ne7 10. Re1 Ng6 11. Nf1 Bb6 12. Ng3 c6 13. d4 Re8 14. Bxe6 Rxe6 15.
Qd3 Qc7 16. dxe5 Nxe5 17. Nxe5 dxe5 18. Be3 Bxe3 19. Qxe3 a6 20. Rad1 Rd8 21.
Nf5 Kh7 22. Rd3 Rxd3 23. Qxd3 Qa5 24. a3 Qc7 25. Rd1 g6 26. Ng3 Kg7 27. Qd8
Qxd8 28. Rxd8 Re8 29. Rxe8 Nxe8 30. Kf1 Nd6 31. a4 Nc4 32. b4 b6 33. Ke2 Nb2
34. a5 bxa5 35. bxa5 Nc4 36. Kd3 Nxa5 37. f3 Kf6 38. Kc2 Ke6 39. Kb2 Kd6 40.
Ka3 Kc5 41. Ne2 Kb5 42. Nc1 Nc4+ 43. Kb3 a5 44. Ka2 Ne3 45. Nd3 f6 46. Ne1 Kc4
47. Ka3 Kxc3 48. Ka4 Nc4 49. g3 Kd2 50. Ng2 g5 51. h4 Ne3 52. hxg5 hxg5 53. Nh4
gxh4 54. gxh4 Nc4 55. h5 Nd6 56. Kxa5 Nf7 57. Kb6 Ke3 58. Kxc6 Kxf3 59. Kd5 Kg4
60. Ke6 Nh6 61. Kxf6 Kf4 62. Kg6 Ng4 63. h6 Nxh6 64. Kxh6 Kxe4 65. Kg5 Kf3 66.
Kf5 e4 67. Ke5 e3 68. Kd4 e2 69. Kd5 e1=Q 70. Kd4 Qe6 71. Kc5 Qd7 72. Kc4 Qd6
73. Kc3 Qd5 74. Kb4 Qc6 75. Kb3 Qc5 76. Kb2 Qc4 77. Ka3 Qb5 78. Ka2 Ke3 79. Ka1
Kd3 80. Ka2 Kc3 81. Ka3 Qb3# 0-1

[Event "NAYCC U12 w"]
[Site "Windsor CAN"]
[Date "2016.08.07"]
[Round "1.121"]
[White "Venkataraja, Triyakshari"]
[Black "Garai, Antara"]
[Result "0-1"]
[WhiteElo "1162"]
[BlackElo "1465"]
[PlyCount "66"]
[EventDate "2016.08.07"]
[EventType "swiss"]
[EventRounds "9"]
[EventCountry "CAN"]

1. e4 c5 2. Nf3 d6 3. Bb5+ Nc6 4. Bxc6+ bxc6 5. O-O e5 6. c4 f5 7. d3 Be7 8.
Nc3 Nf6 9. b3 O-O 10. Nh4 Nxe4 11. dxe4 Bxh4 12. Qf3 f4 13. Bb2 Qg5 14. h3 Be6
15. Rad1 Rad8 16. Rd3 Bf7 17. Rfd1 Bh5 18. g4 fxg3 19. Qg2 gxf2+ 20. Kf1 Qxg2+
21. Kxg2 Bxd1 22. Rxd1 f1=Q+ 23. Rxf1 Rxf1 24. Kxf1 Rf8+ 25. Kg1 Bf2+ 26. Kg2
Bd4 27. Kh1 Rf1+ 28. Kh2 Rf2+ 29. Kg3 Rxb2 30. Na4 Rxa2 31. Kg4 Kf7 32. Kf5 Rg2
33. h4 g6# 0-1

[Event "NAYCC U12 w"]
[Site "Windsor CAN"]
[Date "2016.08.07"]
[Round "1.122"]
[White "Qiao, Joey"]
[Black "Wang, Isabelle"]
[Result "1/2-1/2"]
[WhiteElo "1462"]
[BlackElo "1102"]
[PlyCount "67"]
[EventDate "2016.08.07"]
[EventType "swiss"]
[EventRounds "9"]
[EventCountry "CAN"]

1. e4 e5 2. Nf3 Nc6 3. Bc4 Bc5 4. c3 Nf6 5. d3 h6 6. Nbd2 O-O 7. O-O d6 8. h3
Be6 9. Re1 Bxc4 10. Nxc4 a6 11. Ncd2 Re8 12. Nf1 Ne7 13. Ng3 Ng6 14. Bd2 d5 15.
Bc1 c6 16. Qe2 b5 17. b4 Bb6 18. Qc2 d4 19. c4 a5 20. Qb3 axb4 21. Bd2 bxc4 22.
Qxc4 c5 23. Reb1 Qd6 24. Bc1 Qe6 25. Qb3 Qc6 26. Nd2 Ra4 27. Nc4 Rea8 28. Nf5
Bc7 29. Rb2 R4a6 30. Rc2 Nd7 31. Nd2 Qa4 32. Qc4 Qc6 33. Qb3 Qa4 34. Qc4
1/2-1/2

[Event "NAYCC U12 w"]
[Site "Windsor CAN"]
[Date "2016.08.07"]
[Round "1.123"]
[White "Li, Jewel"]
[Black "He, Emma"]
[Result "0-1"]
[WhiteElo "980"]
[BlackElo "1446"]
[PlyCount "72"]
[EventDate "2016.08.07"]
[EventType "swiss"]
[EventRounds "9"]
[EventCountry "CAN"]

1. e4 e5 2. Nf3 Nc6 3. Nc3 Nf6 4. d4 exd4 5. Nxd4 Bb4 6. f3 O-O 7. Bd3 Nxd4 8.
e5 Re8 9. O-O Rxe5 10. Bxh7+ Nxh7 11. Ne4 Nc6 12. c3 d5 13. Ng3 Bc5+ 14. Kh1
Re8 15. Bd2 Bd6 16. f4 Nf6 17. Qf3 Bg4 18. Qf2 Ne4 19. Nxe4 dxe4 20. Qg3 Bf5
21. Rfe1 Qf6 22. Re2 Qg6 23. Qh4 Qg4 24. Qf2 Bc5 25. Qf1 e3 26. Bc1 Bd3 27. Qe1
Qxe2 28. Qxe2 Bxe2 29. b3 Bd3 30. Bb2 e2 31. h3 e1=Q+ 32. Rxe1 Rxe1+ 33. Kh2 g5
34. fxg5 Bd6+ 35. g3 Rae8 36. c4 R8e2# 0-1

[Event "NAYCC U12 w"]
[Site "Windsor CAN"]
[Date "2016.08.08"]
[Round "2.114"]
[White "Dommalapati, Aasa"]
[Black "Woods, Charisse"]
[Result "1-0"]
[WhiteElo "1583"]
[BlackElo "1442"]
[PlyCount "113"]
[EventDate "2016.08.07"]
[EventType "swiss"]
[EventRounds "9"]
[EventCountry "CAN"]

1. e4 e5 2. Nf3 Nc6 3. d4 exd4 4. Nxd4 Bc5 5. Nb3 Bb6 6. Nc3 Nf6 7. Bg5 h6 8.
Bh4 d6 9. Qe2 Be6 10. O-O-O Qe7 11. Kb1 O-O-O 12. f4 Rde8 13. e5 dxe5 14. fxe5
Bg4 15. exf6 Bxe2 16. fxe7 Bxd1 17. Nxd1 Nxe7 18. Bd3 g5 19. Bf2 Bxf2 20. Nxf2
Nd5 21. g3 Re7 22. Kc1 Rhe8 23. Kd2 Nb4 24. a3 Nxd3 25. Nxd3 f5 26. Nd4 Rf7 27.
Rf1 Ref8 28. Re1 Rf6 29. Re7 f4 30. gxf4 gxf4 31. Ne6 R8f7 32. Rxf7 Rxf7 33.
Nexf4 c5 34. Ke3 b6 35. c4 Rf5 36. h4 Kd7 37. Ke4 Rf8 38. h5 Kc8 39. Ne5 a6 40.
Ng4 Re8+ 41. Kf3 Re1 42. Nxh6 Rb1 43. Nf7 Rxb2 44. h6 Rb3+ 45. Kg4 Rb1 46. h7
Rh1 47. Nh5 Rg1+ 48. Ng3 b5 49. h8=Q+ Kb7 50. cxb5 axb5 51. Nd8+ Ka6 52. Qf6+
Ka5 53. Nb7+ Ka4 54. Nxc5+ Kxa3 55. Qc3+ Ka2 56. Qc2+ Ka1 57. Nb3# 1-0

[Event "NAYCC U12 w"]
[Site "Windsor CAN"]
[Date "2016.08.08"]
[Round "2.115"]
[White "Ehsani, Yassamin"]
[Black "Cao, Claire"]
[Result "0-1"]
[WhiteElo "1429"]
[BlackElo "1569"]
[PlyCount "104"]
[EventDate "2016.08.07"]
[EventType "swiss"]
[EventRounds "9"]
[EventCountry "CAN"]

1. e4 e6 2. d4 d5 3. Nc3 Nf6 4. e5 Nfd7 5. Be3 c5 6. Bd3 Nc6 7. Bb5 cxd4 8.
Bxd4 a6 9. Bxc6 bxc6 10. f4 c5 11. Bf2 Rb8 12. b3 Bb7 13. Nf3 Be7 14. O-O O-O
15. Qd3 Qc7 16. Rfe1 c4 17. bxc4 dxc4 18. Qe2 Bb4 19. Bd4 Nb6 20. Qf2 Bxc3 21.
Bxc3 Nd5 22. Bd2 c3 23. Be3 Rfd8 24. Nd4 Qc5 25. Nb3 Nxe3 26. Rxe3 Rd5 27. Rae1
Rbd8 28. Qg3 Rd1 29. Qf2 Qb4 30. R3e2 a5 31. Nc5 Bc6 32. Nd3 Rxe1+ 33. Qxe1
Qb6+ 34. Kh1 Bb5 35. Qb1 Qa6 36. Re3 Qc6 37. h3 Bc4 38. a3 h6 39. Ne1 Ba6 40.
Nf3 Qc4 41. g3 Bb5 42. Qa1 Rc8 43. Kg2 Ba4 44. Ne1 Qd5+ 45. Nf3 Qc5 46. Kf2
Bxc2 47. Ne1 Ba4 48. Nd3 Qb6 49. Qc1 Bb5 50. Ne1 Qc5 51. Nc2 Rd8 52. Ke1 Ba4
0-1

[Event "NAYCC U12 w"]
[Site "Windsor CAN"]
[Date "2016.08.08"]
[Round "2.116"]
[White "Yang, Elena"]
[Black "Dasari, Srihitha"]
[Result "1/2-1/2"]
[WhiteElo "1221"]
[BlackElo "1492"]
[PlyCount "90"]
[EventDate "2016.08.07"]
[EventType "swiss"]
[EventRounds "9"]
[EventCountry "CAN"]

1. e4 c5 2. Nf3 d6 3. d4 cxd4 4. Nxd4 Nf6 5. Nc3 g6 6. Be2 Bg7 7. O-O O-O 8.
Be3 Nc6 9. f4 Bd7 10. Kh1 a6 11. Qd2 b5 12. a3 Nxd4 13. Bxd4 Bc6 14. Bd3 Qc7
15. Rad1 e5 16. fxe5 dxe5 17. Be3 Qb7 18. Bc5 Rfe8 19. Qe2 Rac8 20. Bf2 Bd7 21.
h3 Nh5 22. Kh2 Nf4 23. Qf3 Bc6 24. Bg3 Ne6 25. Qf2 a5 26. b4 axb4 27. axb4 Ng5
28. Qe3 Ne6 29. Rde1 Nd4 30. Qf2 Qe7 31. Ne2 Nxe2 32. Rxe2 f6 33. c3 Red8 34.
Rd2 Rd7 35. Rfd1 Rcd8 36. Qe2 Rd6 37. Bf2 R6d7 38. Bg3 Rd6 39. Kh1 Qd7 40. Bc4+
bxc4 41. Rxd6 Qxd6 42. Rxd6 Rxd6 43. Qxc4+ Kh8 44. Kh2 h5 45. Qf7 Bxe4 1/2-1/2

[Event "NAYCC U12 w"]
[Site "Windsor CAN"]
[Date "2016.08.08"]
[Round "2.117"]
[White "Garai, Antara"]
[Black "Kao, Simona"]
[Result "1-0"]
[WhiteElo "1465"]
[BlackElo "1289"]
[PlyCount "93"]
[EventDate "2016.08.07"]
[EventType "swiss"]
[EventRounds "9"]
[EventCountry "CAN"]

1. e4 e5 2. Nf3 Nc6 3. Bb5 a6 4. Ba4 Nf6 5. O-O Bc5 6. Nc3 d6 7. d3 b5 8. Bb3
Na5 9. Bg5 Nxb3 10. axb3 h6 11. Bxf6 Qxf6 12. Nxb5 Qd8 13. d4 Bb7 14. dxc5 axb5
15. Rxa8 Bxa8 16. cxd6 cxd6 17. Qd3 O-O 18. Rd1 Qc7 19. Nd2 Re8 20. c3 Qd7 21.
Nf1 Rd8 22. Ne3 Bc6 23. Nf5 Qe6 24. Qg3 Qf6 25. Qe3 Rd7 26. f3 d5 27. Qb6 Rb7
28. Qe3 Rd7 29. Qb6 Rb7 30. Qc5 dxe4 31. Nd6 exf3 32. Qxc6 Re7 33. Qxf3 Qe6 34.
Qd5 Qg4 35. Qa8+ Kh7 36. Qe4+ Qxe4 37. Nxe4 f5 38. Nc5 e4 39. Kf2 e3+ 40. Ke2
f4 41. g3 g5 42. gxf4 gxf4 43. Rd7 Rxd7 44. Nxd7 Kg6 45. Nc5 Kf5 46. Kf3 Ke5
47. Nd3+ 1-0

[Event "NAYCC U12 w"]
[Site "Windsor CAN"]
[Date "2016.08.08"]
[Round "2.118"]
[White "He, Emma"]
[Black "Periappuram, Moira"]
[Result "1-0"]
[WhiteElo "1446"]
[BlackElo "773"]
[PlyCount "77"]
[EventDate "2016.08.07"]
[EventType "swiss"]
[EventRounds "9"]
[EventCountry "CAN"]

1. e4 e5 2. Nf3 Nc6 3. Bc4 Be7 4. Nc3 d6 5. O-O Be6 6. Bb5 Nf6 7. d4 a6 8.
Bxc6+ bxc6 9. dxe5 dxe5 10. Nxe5 c5 11. Be3 Qc8 12. Qf3 Qb7 13. Nd3 c4 14. e5
Qxf3 15. gxf3 Nd5 16. Nf4 Nxf4 17. Bxf4 O-O 18. Ne2 f6 19. exf6 Rxf6 20. Bxc7
c3 21. bxc3 Bc4 22. Rfe1 Bc5 23. Nd4 Rg6+ 24. Kh1 Bxd4 25. cxd4 Bd5 26. Re3 Rf8
27. Bg3 Bxf3+ 28. Kg1 Rb6 29. a3 Rb2 30. Rc1 Bc6 31. h4 Rf5 32. c4 Rh5 33. d5
Bd7 34. d6 g5 35. c5 Bc6 36. Rd3 Rb7 37. d7 Rxd7 38. Rxd7 Bxd7 39. c6 1-0

[Event "NAYCC U12 w"]
[Site "Windsor CAN"]
[Date "2016.08.08"]
[Round "2.119"]
[White "Velea, Anne Marie"]
[Black "Qiao, Joey"]
[Result "1-0"]
[WhiteElo "1556"]
[BlackElo "1462"]
[PlyCount "149"]
[EventDate "2016.08.07"]
[EventType "swiss"]
[EventRounds "9"]
[EventCountry "CAN"]

1. e4 e5 2. Nf3 Nc6 3. Nc3 Nf6 4. Bb5 a6 5. Bxc6 dxc6 6. Nxe5 Qd4 7. Nf3 Qd8 8.
h3 Bd6 9. d4 Be7 10. O-O O-O 11. Bf4 Re8 12. a3 h6 13. Re1 Be6 14. Qd2 Kh7 15.
Qd3 Kg8 16. Ne5 Bd6 17. Bh2 Nd7 18. Nf3 Bxh2+ 19. Kxh2 Nf6 20. Rad1 Nh5 21. Qd2
Qf6 22. e5 Qf4+ 23. Qxf4 Nxf4 24. Ne2 Nd5 25. Kg3 Bf5 26. c3 Bc2 27. Rd2 Bb3
28. Nc1 Bc4 29. b3 Bf1 30. Rxf1 Nxc3 31. Re1 Nb1 32. Ra2 Nc3 33. Rc2 Nd5 34.
Nd3 Rad8 35. Nf4 Nb6 36. Rd1 Nd7 37. Nd3 Kh7 38. Rdd2 Kg6 39. Nh4+ Kh7 40. Nc5
Nxc5 41. Rxc5 Re7 42. Kf3 Red7 43. Ke3 Re8 44. f4 g5 45. Nf3 f6 46. fxg5 hxg5
47. Kd3 b6 48. Rxc6 fxe5 49. Nxg5+ Kg7 50. Kc3 exd4+ 51. Kc2 Kg8 52. Ne6 a5 53.
Rxd4 Rxe6 54. Rxe6 Rxd4 55. Re7 c5 56. Rb7 Rd6 57. Kc3 Rg6 58. Kc4 Rxg2 59.
Rxb6 Rg3 60. Rb5 Rxh3 61. Rxc5 a4 62. bxa4 Rxa3 63. a5 Kf7 64. Kb5 Rb3+ 65. Kc6
Ra3 66. Kb6 Ke7 67. a6 Kd6 68. Rb5 Kd7 69. Kb7 Rc3 70. a7 Rc7+ 71. Ka6 Rc6+ 72.
Rb6 Rc8 73. Rb8 Rc6+ 74. Kb5 Rg6 75. Rb7+ 1-0

[Event "NAYCC U12 w"]
[Site "Windsor CAN"]
[Date "2016.08.08"]
[Round "2.120"]
[White "Wang, Isabelle"]
[Black "Farkas, Jezzel"]
[Result "1-0"]
[WhiteElo "1102"]
[BlackElo "1310"]
[PlyCount "69"]
[EventDate "2016.08.07"]
[EventType "swiss"]
[EventRounds "9"]
[EventCountry "CAN"]

1. e4 c5 2. Nf3 Nc6 3. d4 cxd4 4. Nxd4 Qb6 5. Nb3 Nf6 6. Nc3 e6 7. Be3 Qc7 8.
Bc4 a6 9. Qd2 b5 10. Bd3 Bb7 11. a3 Be7 12. O-O O-O 13. Rae1 d6 14. f4 Rfe8 15.
Qe2 b4 16. Nd1 bxa3 17. bxa3 Na5 18. Nf2 Rec8 19. Bd2 Nc4 20. Ra1 Nxd2 21. Nxd2
Qc5 22. Kh1 Nd7 23. Ng4 f6 24. Bc4 d5 25. exd5 exd5 26. Qe6+ Kf8 27. Qxd7 Rc7
28. Qf5 g6 29. Qe6 dxc4 30. Nxf6 Bxf6 31. Qxf6+ Rf7 32. Qc3 Qd5 33. Rf2 Rc8 34.
Re1 Qc5 35. Qh8# 1-0

[Event "NAYCC U12 w"]
[Site "Windsor CAN"]
[Date "2016.08.08"]
[Round "2.121"]
[White "Tan, Kylie"]
[Black "Yellamraju, Ambica"]
[Result "1/2-1/2"]
[WhiteElo "1383"]
[BlackElo "1625"]
[PlyCount "134"]
[EventDate "2016.08.07"]
[EventType "swiss"]
[EventRounds "9"]
[EventCountry "CAN"]

1. e4 e6 2. f4 d5 3. e5 c5 4. Nf3 Nc6 5. Nc3 Nge7 6. g3 Ng6 7. d3 Be7 8. Bg2
O-O 9. Qe2 a6 10. h4 Re8 11. h5 Nf8 12. g4 g6 13. hxg6 fxg6 14. g5 Qa5 15. Bd2
Qb6 16. b3 Nb4 17. Kd1 Bd7 18. Bf1 Red8 19. Nh2 Bc6 20. Bg2 d4 21. Ne4 Nd5 22.
Ng4 Rd7 23. Qe1 Bd8 24. Ngf6+ Bxf6 25. Nxf6+ Nxf6 26. Ba5 Qa7 27. Bxc6 bxc6 28.
exf6 Qb8 29. Bd2 Rf7 30. Qe4 Qd6 31. a4 Re8 32. Re1 Nd7 33. Qf3 e5 34. f5 Nf8
35. Re4 Qd7 36. fxg6 Nxg6 37. Ke2 Qc7 38. Rh1 Re6 39. Qf5 Qd6 40. Rh6 Nf8 41.
Reh4 Qd7 42. Kd1 Rexf6 43. Rxf6 Qxf5 44. Rxf5 Rxf5 45. Ke2 Ng6 46. Rh2 Nf4+ 47.
Bxf4 Rxf4 48. Rf2 Rxf2+ 49. Kxf2 Kf7 50. Kf3 Ke7 51. Kg4 Ke6 52. a5 Kf7 53. Kf5
Kg7 54. Kxe5 Kg6 55. Kf4 Kf7 56. Kg4 Ke6 57. Kf4 Kf7 58. Kf5 Kg7 59. Kf4 Kf7
60. Kg4 Ke6 61. Kh4 Kf7 62. Kh5 Kg7 63. Kg4 Kg6 64. Kh4 Kf5 65. Kh5 Kf4 66. Kh4
Kf5 67. Kh5 Kf4 1/2-1/2

[Event "NAYCC U12 w"]
[Site "Windsor CAN"]
[Date "2016.08.08"]
[Round "2.122"]
[White "Kuleshova, Julia"]
[Black "Yellamraju, Aparna"]
[Result "1-0"]
[WhiteElo "1487"]
[BlackElo "1404"]
[PlyCount "65"]
[EventDate "2016.08.07"]
[EventType "swiss"]
[EventRounds "9"]
[EventCountry "CAN"]

1. e4 e6 2. d4 d5 3. e5 c5 4. c3 Nc6 5. Nf3 Qb6 6. Be2 Bd7 7. O-O cxd4 8. cxd4
Nge7 9. Na3 Nf5 10. Nc2 Be7 11. Kh1 f6 12. Bd3 Nh6 13. Rb1 Nf7 14. exf6 Bxf6
15. Be3 O-O 16. Ne5 Bxe5 17. dxe5 d4 18. Nxd4 Nxd4 19. Bxd4 Qa5 20. Re1 Qxa2
21. Ra1 Qd5 22. Be4 Qb5 23. Qh5 g6 24. Bxg6 h6 25. Re3 Ng5 26. Rg3 Rf7 27.
Bxf7+ Kf8 28. Rc1 b6 29. Qxh6+ Ke7 30. Qf6+ Kf8 31. Rxg5 Qf1+ 32. Rxf1 Bb5 33.
Rg8# 1-0

[Event "NAYCC U12 w"]
[Site "Windsor CAN"]
[Date "2016.08.08"]
[Round "2.123"]
[White "Guo, Hazel"]
[Black "Miyasaka, Julia"]
[Result "1/2-1/2"]
[WhiteElo "1291"]
[BlackElo "1466"]
[PlyCount "144"]
[EventDate "2016.08.07"]
[EventType "swiss"]
[EventRounds "9"]
[EventCountry "CAN"]

1. e4 e5 2. Nf3 Nc6 3. Bc4 Bc5 4. c3 Nf6 5. d3 d6 6. O-O a6 7. Bb3 Ba7 8. Nbd2
O-O 9. h3 Be6 10. Bc2 Re8 11. Re1 d5 12. exd5 Bxd5 13. Nf1 e4 14. dxe4 Bxe4 15.
Bxe4 Nxe4 16. Be3 Bxe3 17. Nxe3 Ne5 18. Nxe5 Rxe5 19. Qg4 Nf6 20. Qg3 Qe7 21.
f4 Re4 22. Nf5 Qc5+ 23. Nd4 Rae8 24. Kh2 Nh5 25. Rxe4 Rxe4 26. Qf3 Nf6 27. g4
Qd5 28. Qf1 c5 29. Nf3 Qd6 30. Ne5 Qd2+ 31. Kh1 Qxf4 32. Qxf4 Rxf4 33. Rd1 Kf8
34. Rd8+ Ke7 35. Rb8 Nd5 36. Rxb7+ Kd6 37. Nd3 Rc4 38. Ra7 Nf4 39. Rxa6+ Kd5
40. Nxf4+ Rxf4 41. a4 Re4 42. Ra8 Re1+ 43. Kg2 Re2+ 44. Kf3 Rxb2 45. a5 Kc6 46.
a6 Rc2 47. Rc8+ Kb6 48. Rb8+ Kxa6 49. Rb3 Ka5 50. Ke4 Ka4 51. Rb7 Rxc3 52. Kd5
Rxh3 53. Kc4 Ka3 54. Rxf7 g5 55. Rg7 h6 56. Rg6 Kb2 57. Kxc5 Kc3 58. Kd5 Kd3
59. Ke5 Ke3 60. Kf5 Kf3 61. Re6 Rh2 62. Rc6 Rd2 63. Rc3+ Kg2 64. Rc5 Rd4 65.
Rc6 Rf4+ 66. Ke5 Rxg4 67. Rxh6 Kg3 68. Rg6 Kf3 69. Kf5 Rf4+ 70. Kxg5 Rg4+ 71.
Kf5 Rf4+ 72. Kg5 Rg4+ 1/2-1/2

[Event "NAYCC U12 w"]
[Site "Windsor CAN"]
[Date "2016.08.08"]
[Round "3.114"]
[White "Garai, Antara"]
[Black "Dommalapati, Aasa"]
[Result "0-1"]
[WhiteElo "1465"]
[BlackElo "1583"]
[PlyCount "84"]
[EventDate "2016.08.07"]
[EventType "swiss"]
[EventRounds "9"]
[EventCountry "CAN"]

1. e4 c5 2. Nf3 Nc6 3. d4 cxd4 4. Nxd4 Nf6 5. Nc3 e5 6. Ndb5 d6 7. f3 a6 8. Na3
b5 9. Nd5 Nxd5 10. Qxd5 Bd7 11. Be3 Be7 12. Be2 O-O 13. O-O Qc7 14. Qd2 f5 15.
c3 f4 16. Bf2 Rf6 17. Bh4 Rh6 18. Bxe7 Nxe7 19. Bd1 Rf8 20. Bb3+ Kh8 21. c4
Qc5+ 22. Qf2 b4 23. Nc2 a5 24. a4 Nc6 25. Rad1 Be6 26. Qxc5 dxc5 27. Rd6 Bg8
28. Rxh6 gxh6 29. Rd1 Nd4 30. Nxd4 cxd4 31. Kf2 Rc8 32. Rc1 Kg7 33. Ke2 Kf6 34.
g3 Kg5 35. gxf4+ Kxf4 36. Rg1 h5 37. Kf2 Bxc4 38. Rc1 Be6 39. Rxc8 Bxc8 40. h4
Ba6 41. Bd1 Bc4 42. b3 Bd3 0-1

[Event "NAYCC U12 w"]
[Site "Windsor CAN"]
[Date "2016.08.08"]
[Round "3.115"]
[White "Cao, Claire"]
[Black "He, Emma"]
[Result "1-0"]
[WhiteElo "1569"]
[BlackElo "1446"]
[PlyCount "37"]
[EventDate "2016.08.07"]
[EventType "swiss"]
[EventRounds "9"]
[EventCountry "CAN"]

1. e4 e5 2. Nf3 Nc6 3. d4 exd4 4. Bc4 Bc5 5. O-O Nge7 6. Ng5 d5 7. exd5 Ne5 8.
Bb3 O-O 9. Nxh7 Bg4 10. Qe1 Kxh7 11. Qxe5 Rh8 12. Qg3 Be2 13. Re1 Bd6 14. Bf4
Bb5 15. Bxd6 Nf5 16. Qh3+ Nh4 17. Be7 Qb8 18. Bxh4 Kg8 19. Qg3 1-0